[Event "SVK-chT2B 1920"]
[Site "Slovakia"]
[Date "2020.03.07"]
[Round "10.1"]
[White "Maros, Milan"]
[Black "Bombek, Peter"]
[Result "1/2-1/2"]
[WhiteElo "2301"]
[BlackElo "2161"]
[PlyCount "108"]
[EventDate "2019.10.26"]
[EventType "team-tourn"]
[EventRounds "11"]
[EventCountry "SVK"]
[SourceTitle "CBM 195 Extra"]
[Source "ChessBase"]
[SourceDate "2020.05.31"]
[SourceVersion "1"]
[SourceVersionDate "2020.05.31"]
[SourceQuality "1"]
[WhiteTeam "Tlmace"]
[BlackTeam "Povazske Podhradie"]
[WhiteTeamCountry "SVK"]
[BlackTeamCountry "SVK"]

1. c4 e6 2. Nc3 d5 3. d4 Be7 4. cxd5 exd5 5. Bf4 c6 6. e3 Bd6 7. Bxd6 Qxd6 8. Bd3 Nf6 9. Nge2 Nbd7 10. Qc2 Nb6 11. Ng3 Bd7 12. 0-0 0-0 13. Rad1 Rfe8 14. Rfe1 h6 15. f3 c5 16. Nb5 Bxb5 17. Bxb5 Rec8 18. Nf5 Qf8 19. dxc5 Qxc5 20. Qxc5 Rxc5 21. Bd3 Kf8 22. Kf2 Nc4 23. Re2 a5 24. Rc2 Rac8 25. Ke2 Ne5 26. Rdc1 b6 27. b3 g6 28. Nd4 Ke7 29. Ba6 Rxc2+ 30. Rxc2 Rxc2+ 31. Nxc2 Kd6 32. Kd2 Ne8 33. Kc3 Nc7 34. Be2 Nc6 35. a3 Ne6 36. Bb5 Na7 37. Bd3 Nc6 38. Bb5 Na7 39. Bf1 Nc6 40. Bd3 Nc5 41. b4 axb4+ 42. axb4 Ne6 43. Bb5 Nc7 44. Bd3 g5 45. g3 f6 46. Na3 Ne7 47. Nc2 Ne6 48. Na3 Nc7 49. Nc2 Nc6 50. f4 Ne6 51. Bf5 Ng7 52. Bd3 Ne6 53. Bf5 Ng7 54. Bd3 Ne6 1/2-1/2

[Event "SVK-chT1W 1718"]
[Site "Slovakia"]
[Date "2018.02.18"]
[Round "9.1"]
[White "Veres, Andrej"]
[Black "Maros, Milan"]
[Result "1/2-1/2"]
[WhiteElo "2218"]
[BlackElo "2322"]
[PlyCount "26"]
[EventDate "2017.10.21"]
[EventType "team-tourn"]
[EventRounds "11"]
[EventCountry "SVK"]
[SourceTitle "EXT 2019"]
[Source "ChessBase"]
[SourceDate "2018.10.10"]
[SourceVersion "1"]
[SourceVersionDate "2018.10.10"]
[SourceQuality "1"]
[WhiteTeam "Dubnica nad Vahom II"]
[BlackTeam "Nitra NSK"]
[WhiteTeamCountry "SVK"]
[BlackTeamCountry "SVK"]

1. d4 d5 2. Nf3 c5 3. c4 dxc4 4. e3 cxd4 5. Bxc4 Qc7 6. Qa4+ Bd7 7. Qb3 e6 8. Nxd4 Nc6 9. Nxc6 Bxc6 10. Bb5 Nf6 11. Nc3 a6 12. Bxc6+ Qxc6 13. 0-0 Bd6 1/2-1/2

[Event "SVK-chT1W 1718"]
[Site "Slovakia"]
[Date "2017.12.02"]
[Round "5.3"]
[White "Dobrotka, Martin"]
[Black "Maros, Milan"]
[Result "0-1"]
[WhiteElo "2195"]
[BlackElo "2322"]
[PlyCount "96"]
[EventDate "2017.10.21"]
[EventType "team-tourn"]
[EventRounds "11"]
[EventCountry "SVK"]
[SourceTitle "EXT 2019"]
[Source "ChessBase"]
[SourceDate "2018.10.10"]
[SourceVersion "1"]
[SourceVersionDate "2018.10.10"]
[SourceQuality "1"]
[WhiteTeam "Nitra ASK"]
[BlackTeam "Nitra NSK"]
[WhiteTeamCountry "SVK"]
[BlackTeamCountry "SVK"]

1. d4 Nf6 2. Nf3 e6 3. Bg5 h6 4. Bxf6 Qxf6 5. e4 b6 6. e5 Qe7 7. Qd2 Bb7 8. Be2 d6 9. 0-0 Nd7 10. Qc3 Rc8 11. Na3 dxe5 12. Nxe5 Nxe5 13. dxe5 Qb4 14. Qxb4 Bxb4 15. Nc4 0-0 16. c3 Be7 17. Rad1 Rfd8 18. Rxd8+ Rxd8 19. Rd1 Rxd1+ 20. Bxd1 Bd5 21. Bb3 Bg5 22. Na3 Bxb3 23. axb3 Bc1 24. Nb5 Bxb2 25. c4 Bxe5 26. Nxa7 Bd6 27. Kf1 f5 28. h3 Kf7 29. Ke2 e5 30. Nb5 Ke6 31. Nc3 e4 32. Nd5 Ke5 33. Ne3 Bc5 34. Nd5 c6 35. Nc3 Bd4 36. Na2 Bc5 37. Nc3 g5 38. f3 Bd4 39. Na2 Bc5 40. Nc3 Kd4 41. Nd1 exf3+ 42. gxf3 Ke5 43. Nb2 Kf4 44. Nd3+ Kg3 45. Ne5 Kxh3 46. Nxc6 g4 47. b4 g3 48. bxc5 bxc5 0-1

[Event "SVK-chT1W 1516"]
[Site "Slovakia"]
[Date "2016.02.21"]
[Round "9.3"]
[White "Rohacek, Miroslav"]
[Black "Maros, Milan"]
[Result "1/2-1/2"]
[WhiteElo "2329"]
[BlackElo "2337"]
[PlyCount "130"]
[EventDate "2015.10.24"]
[EventType "team-tourn"]
[EventRounds "11"]
[EventCountry "SVK"]
[SourceTitle "EXT 2017"]
[Source "ChessBase"]
[SourceDate "2016.10.25"]
[SourceVersion "1"]
[SourceVersionDate "2016.10.25"]
[SourceQuality "1"]
[WhiteTeam "Osuske"]
[BlackTeam "Nitra"]
[WhiteTeamCountry "SVK"]
[BlackTeamCountry "SVK"]

1. c4 c6 2. Nf3 d5 3. g3 Nf6 4. Bg2 dxc4 5. a4 Nbd7 6. Na3 e5 7. Nxc4 e4 8. Ng5 Qe7 9. Qc2 Nc5 10. 0-0 h6 11. b4 hxg5 12. bxc5 Qxc5 13. Ba3 Qd5 14. d3 Bxa3 15. dxe4 Qc5 16. Rxa3 0-0 17. Rc3 Qe7 18. f4 Rd8 19. a5 Be6 20. Ne5 Nd7 21. Nd3 gxf4 22. gxf4 f6 23. a6 bxa6 24. Rxc6 Nb6 25. f5 Bd7 26. Rc7 Rac8 27. Qa2+ Qf7 28. Qxf7+ Kxf7 29. Rfc1 Kf8 30. Nf4 Rxc7 31. Rxc7 Bc8 32. Ng6+ Kg8 33. Ne7+ Kf8 34. Rxa7 Nc4 35. Bf3 Ne5 36. Kf2 Bd7 37. Nd5 Bb5 38. Bh5 Bc4 39. Nc7 Nc6 40. Rb7 Rb8 41. Rxb8+ Nxb8 42. Be8 Ke7 43. Ba4 Bf7 44. Na8 a5 45. e5 fxe5 46. h4 Nd7 47. Nc7 Nb6 48. Bc2 Kd6 49. Nb5+ Kc5 50. Nc3 Kb4 51. Ne4 a4 52. Bxa4 Kxa4 53. f6 gxf6 54. Nxf6 Kb4 55. h5 Nd5 56. Ng4 e4 57. h6 Bg6 58. Ne5 Bf5 59. Nf7 Nf6 60. Ke3 Bg6 61. Ne5 Bh7 62. Kd4 Kb3 63. Nf7 Kc2 64. Ng5 Bg6 65. h7 Nxh7 1/2-1/2

[Event "SVK-chT1W 1516"]
[Site "Slovakia"]
[Date "2015.12.13"]
[Round "6.2"]
[White "Dobrotka, Martin"]
[Black "Maros, Milan"]
[Result "1-0"]
[WhiteElo "2183"]
[BlackElo "2337"]
[PlyCount "49"]
[EventDate "2015.10.24"]
[EventType "team-tourn"]
[EventRounds "11"]
[EventCountry "SVK"]
[SourceTitle "CBM 170 Extra"]
[Source "ChessBase"]
[SourceDate "2016.02.25"]
[SourceVersion "1"]
[SourceVersionDate "2016.02.25"]
[SourceQuality "1"]
[WhiteTeam "Prievidza"]
[BlackTeam "Nitra"]
[WhiteTeamCountry "SVK"]
[BlackTeamCountry "SVK"]

1. d4 Nf6 2. c4 e6 3. Nf3 b6 4. e3 Bb7 5. Be2 c5 6. 0-0 d5 7. Nc3 Nbd7 8. Ne5 dxc4 9. Nxc4 Be7 10. dxc5 Nxc5 11. Qxd8+ Rxd8 12. Nb5 a6 13. Nd4 Nfd7 14. b3 0-0 15. Ba3 Rc8 16. Rac1 b5 17. Na5 Bd5 18. Bb2 Nb6 19. Rfd1 Rfd8 20. Bf3 Bxf3 21. gxf3 Bf8 22. Ndc6 Rxd1+ 23. Rxd1 f6 24. Ba3 Nbd7 25. b4 1-0

[Event "SVK-chT1W 1516"]
[Site "Slovakia"]
[Date "2015.11.15"]
[Round "4.2"]
[White "Jakubek, Peter"]
[Black "Maros, Milan"]
[Result "1/2-1/2"]
[WhiteElo "2192"]
[BlackElo "2337"]
[PlyCount "47"]
[EventDate "2015.10.24"]
[EventType "team-tourn"]
[EventRounds "11"]
[EventCountry "SVK"]
[SourceTitle "CBM 170 Extra"]
[Source "ChessBase"]
[SourceDate "2016.02.25"]
[SourceVersion "1"]
[SourceVersionDate "2016.02.25"]
[SourceQuality "1"]
[WhiteTeam "Povazska Bystrica"]
[BlackTeam "Nitra"]
[WhiteTeamCountry "SVK"]
[BlackTeamCountry "SVK"]

1. d4 d5 2. Bf4 c5 3. e4 Nc6 4. Nc3 cxd4 5. Nxd5 e5 6. Bd2 Nf6 7. Nxf6+ Qxf6 8. Nf3 Bc5 9. Bc4 0-0 10. 0-0 Be6 11. Bxe6 Qxe6 12. Ne1 Rac8 13. Nd3 Bb6 14. a4 a6 15. Ra3 Qe7 16. Qg4 Rc7 17. f4 f5 18. Qf3 fxe4 19. Qxe4 exf4 20. Rxf4 Rxf4 21. Qxf4 Rc8 22. Ra1 Rf8 23. Re1 Qxe1+ 24. Nxe1 1/2-1/2

[Event "SVK-chT1W 1516"]
[Site "Slovakia"]
[Date "2015.10.25"]
[Round "2.1"]
[White "Maros, Milan"]
[Black "Sosovicka, Juraj"]
[Result "1/2-1/2"]
[WhiteElo "2337"]
[BlackElo "2210"]
[PlyCount "100"]
[EventDate "2015.10.24"]
[EventType "team-tourn"]
[EventRounds "11"]
[EventCountry "SVK"]
[SourceTitle "CBM 170 Extra"]
[Source "ChessBase"]
[SourceDate "2016.02.25"]
[SourceVersion "1"]
[SourceVersionDate "2016.02.25"]
[SourceQuality "1"]
[WhiteTeam "Nitra"]
[BlackTeam "Bratislava Slovan III"]
[WhiteTeamCountry "SVK"]
[BlackTeamCountry "SVK"]

1. e4 e5 2. Nf3 Nc6 3. d4 exd4 4. Nxd4 Nf6 5. Nxc6 bxc6 6. e5 Qe7 7. Qe2 Nd5 8. c4 Ba6 9. b3 Nb6 10. Bb2 d5 11. exd6 Qxe2+ 12. Bxe2 cxd6 13. Bf3 Kd7 14. 0-0 Rb8 15. Bd4 c5 16. Be3 Bb7 17. Bxb7 Rxb7 18. Nc3 Be7 19. Rad1 Kc6 20. Rd3 Rd8 21. Rfd1 Rbd7 22. Nd5 Nxd5 23. Rxd5 Bf6 24. Kf1 g6 25. Ke2 Re8 26. Kf3 Re5 27. g4 a6 28. h3 Rxd5 29. Rxd5 Re7 30. Rd3 Rd7 31. Rd5 Re7 32. Rd1 Rd7 33. Ke4 Re7+ 34. Kf3 Rd7 35. Ke4 Re7+ 36. Kd3 d5 37. cxd5+ Kxd5 38. Rc1 Rc7 39. Rc4 Rc6 40. Re4 Re6 41. Rc4 Rc6 42. Rf4 Re6 43. Rf3 Rd6 44. Kc2 Ke4 45. Rf4+ Kd5 46. Kd3 Bg5 47. Ra4 Bd8 48. Rc4 Rc6 49. Re4 Re6 50. Rc4 Rc6 1/2-1/2

[Event "SVK-chT1W 1516"]
[Site "Slovakia"]
[Date "2015.10.24"]
[Round "1.1"]
[White "Maros, Milan"]
[Black "Ruckschloss, Karol"]
[Result "1-0"]
[WhiteElo "2337"]
[BlackElo "2258"]
[PlyCount "63"]
[EventDate "2015.10.24"]
[EventType "team-tourn"]
[EventRounds "11"]
[EventCountry "SVK"]
[SourceTitle "CBM 170 Extra"]
[Source "ChessBase"]
[SourceDate "2016.02.25"]
[SourceVersion "1"]
[SourceVersionDate "2016.02.25"]
[SourceQuality "1"]
[WhiteTeam "Nitra"]
[BlackTeam "Bratislava Slovan II"]
[WhiteTeamCountry "SVK"]
[BlackTeamCountry "SVK"]

1. e4 d6 2. d4 g6 3. Nc3 Bg7 4. Be3 c6 5. Qd2 b5 6. h4 h5 7. Nh3 a5 8. Ng5 b4 9. Ne2 Nd7 10. Nf4 Nb6 11. c4 bxc3 12. bxc3 Nf6 13. Bd3 Ng4 14. 0-0 0-0 15. Rab1 Qc7 16. Rb2 Bd7 17. Rfb1 Rfb8 18. e5 Nxe3 19. Qxe3 dxe5 20. dxe5 Bxe5 21. Nxg6 fxg6 22. Rxb6 Rxb6 23. Rxb6 Kg7 24. Rb7 Qd6 25. Rxd7 Bh2+ 26. Kh1 Qxd7 27. Kxh2 Qd6+ 28. g3 e5 29. Be4 Re8 30. Qa7+ Re7 31. Qxa5 c5 32. Kg2 1-0

[Event "SVK-chT1W 1415"]
[Site "Slovakia"]
[Date "2015.02.28"]
[Round "8.1"]
[White "Vojtek, Vladimir"]
[Black "Maros, Milan"]
[Result "0-1"]
[WhiteElo "2336"]
[BlackElo "2344"]
[PlyCount "122"]
[EventDate "2014.10.18"]
[EventType "team-tourn"]
[EventRounds "11"]
[EventCountry "SVK"]
[SourceTitle "EXT 2016"]
[Source "ChessBase"]
[SourceDate "2015.10.08"]
[SourceVersion "1"]
[SourceVersionDate "2015.10.08"]
[SourceQuality "1"]
[WhiteTeam "Dubnica nad Vahom II"]
[BlackTeam "Nitra NSK"]
[WhiteTeamCountry "SVK"]
[BlackTeamCountry "SVK"]

1. e4 e6 2. d4 d5 3. Nc3 Bb4 4. Bd2 dxe4 5. Qg4 Nf6 6. Qxg7 Rg8 7. Qh6 Qxd4 8. Nge2 Qe5 9. 0-0-0 Rg6 10. Qh4 Qh5 11. Qxh5 Nxh5 12. Nb5 Bxd2+ 13. Rxd2 Na6 14. Nec3 f5 15. g3 Nf6 16. Be2 Bd7 17. Rhd1 Ke7 18. f3 Bxb5 19. Nxb5 c6 20. Nc3 Nc5 21. fxe4 Ncxe4 22. Nxe4 fxe4 23. Bf1 Rg5 24. Re1 Rf8 25. Rde2 h5 26. Bg2 Re5 27. Bxe4 Nxe4 28. Rxe4 Rxe4 29. Rxe4 Rf5 30. Kd2 c5 31. Ke2 Kf6 32. Re3 Ke7 33. Rf3 b6 34. Ra3 Re5+ 35. Kf1 Rf5+ 36. Kg1 a5 37. Rb3 Rd5 38. Rxb6 Rd1+ 39. Kg2 Rd2+ 40. Kh3 Rxc2 41. a4 c4 42. b4 Rb2 43. b5 Rb4 44. Rc6 Rxa4 45. b6 Rb4 46. Kh4 Kd7 47. Rc7+ Kd6 48. Kxh5 Kd5 49. b7 a4 50. g4 a3 51. Rd7+ Ke4 52. Re7 e5 53. g5 a2 54. b8Q Rxb8 55. Ra7 Rh8+ 56. Kg6 Rxh2 57. Kf6 Rf2+ 58. Ke6 Rg2 59. Kf6 c3 60. g6 c2 61. Rxa2 c1Q 0-1

[Event "SVK-chT 1213"]
[Site "Slovakia"]
[Date "2012.10.27"]
[Round "1.2"]
[White "Maros, Milan"]
[Black "Kantorik, Marian"]
[Result "1/2-1/2"]
[WhiteElo "2368"]
[BlackElo "2331"]
[PlyCount "51"]
[EventDate "2012.10.27"]
[EventType "team-tourn"]
[EventRounds "11"]
[EventCountry "SVK"]
[SourceTitle "EXT 2013"]
[Source "ChessBase"]
[SourceDate "2012.11.22"]
[SourceVersion "1"]
[SourceVersionDate "2012.11.22"]
[SourceQuality "1"]
[WhiteTeam "Nitra"]
[BlackTeam "Dunajov"]
[WhiteTeamCountry "SVK"]
[BlackTeamCountry "SVK"]

1. Nf3 d5 2. b3 Nf6 3. Bb2 e6 4. e3 Be7 5. Be2 0-0 6. 0-0 c5 7. c4 Nc6 8. cxd5 Nxd5 9. a3 b6 10. d3 Bb7 11. Nbd2 Bf6 12. Qc2 Bxb2 13. Qxb2 Qe7 14. Rac1 Rfd8 15. Rc2 Rac8 16. Rfc1 e5 17. Bf1 f6 18. Re1 Kh8 19. Rcc1 Qe6 20. Qb1 Re8 21. Ne4 f5 22. Ned2 Qg6 23. Red1 Rcd8 24. Nc4 Re7 25. Qb2 Qf6 26. Qa1 1/2-1/2

[Event "AUT-chT2O 1112"]
[Site "Austria"]
[Date "2012.03.04"]
[Round "7.4"]
[White "Maros, Milan"]
[Black "Salamon, Werner"]
[Result "1-0"]
[WhiteElo "2336"]
[BlackElo "2147"]
[PlyCount "135"]
[EventDate "2011.10.15"]
[EventType "team-tourn"]
[EventRounds "11"]
[EventCountry "AUT"]
[SourceTitle "EXT 2013"]
[Source "ChessBase"]
[SourceDate "2012.11.22"]
[SourceVersion "1"]
[SourceVersionDate "2012.11.22"]
[SourceQuality "1"]
[WhiteTeam "Wien Husek"]
[BlackTeam "Mattersburg"]
[WhiteTeamCountry "AUT"]
[BlackTeamCountry "AUT"]

1. e4 e5 2. Nf3 Nc6 3. Bb5 d6 4. d4 Bd7 5. Nc3 Nf6 6. 0-0 Be7 7. Re1 exd4 8. Nxd4 0-0 9. Bxc6 bxc6 10. Qd3 c5 11. Nf3 Bc6 12. b3 Nd7 13. Bf4 Bf6 14. e5 Nxe5 15. Nxe5 dxe5 16. Bxe5 Qxd3 17. cxd3 Rad8 18. Rad1 Bxe5 19. Rxe5 Rfe8 20. Rxe8+ Rxe8 21. f3 f5 22. f4 a5 23. Kf2 Kf7 24. g3 Rd8 25. Ke3 Re8+ 26. Kd2 Kg6 27. Rc1 Bf3 28. Rf1 Bc6 29. Rc1 Bf3 30. Re1 Rxe1 31. Kxe1 Bc6 32. Nd1 Kh5 33. Kf2 g5 34. Ke3 h6 35. Nf2 Bd5 36. Kd2 Kg6 37. Kc3 Kf6 38. Nd1 Kg6 39. d4 cxd4+ 40. Kxd4 Be4 41. Nf2 Bb1 42. a3 Kf6 43. Kc5 Ba2 44. b4 axb4 45. Kxb4 Ke6 46. Kc5 Bb3 47. Nd3 Bc2 48. Nb4 Ba4 49. Nd5 Kf7 50. Nxc7 Kg6 51. Nd5 Kh5 52. Nf6+ Kg6 53. Nd5 Kh5 54. Ne3 gxf4 55. gxf4 Kh4 56. Nxf5+ Kg4 57. Nxh6+ Kxf4 58. Kb4 Bc6 59. Nf7 Be8 60. Nd6 Bc6 61. Nb5 Kg4 62. a4 Kh3 63. a5 Bb7 64. Kc5 Kxh2 65. Kb6 Ba8 66. a6 Kg3 67. Nd6 Kf4 68. Nb7 1-0

[Event "SVK-chT1W 1112"]
[Site "Slovakia"]
[Date "2011.12.11"]
[Round "6.2"]
[White "Kukel, Imre1111"]
[Black "Maros, Milan"]
[Result "0-1"]
[WhiteElo "2305"]
[BlackElo "2336"]
[PlyCount "114"]
[EventDate "2011.10.15"]
[EventType "team-tourn"]
[EventRounds "11"]
[EventCountry "SVK"]
[SourceTitle "EXT 2013"]
[Source "ChessBase"]
[SourceDate "2012.11.22"]
[SourceVersion "1"]
[SourceVersionDate "2012.11.22"]
[SourceQuality "1"]
[WhiteTeam "Komarno"]
[BlackTeam "Nitra"]
[WhiteTeamCountry "SVK"]
[BlackTeamCountry "SVK"]

1. e4 e6 2. d4 d5 3. Nc3 Bb4 4. e5 Ne7 5. Bd2 b6 6. Nf3 Qd7 7. a4 c6 8. Bd3 Ba6 9. Ne2 Bxd2+ 10. Qxd2 Bxd3 11. Qxd3 c5 12. 0-0 Nbc6 13. Nh4 cxd4 14. f4 Rc8 15. Rfc1 0-0 16. Nf3 Nf5 17. b3 h6 18. Nexd4 Ncxd4 19. Nxd4 Nxd4 20. Qxd4 Rc5 21. c3 Rfc8 22. Rc2 Qc7 23. Rac1 a6 24. h3 b5 25. a5 Rc6 26. Qb4 Qa7+ 27. Kh1 Qe3 28. Rf1 Rxc3 29. Rxc3 Qxc3 30. Qe7 Qxa5 31. f5 Qd8 32. Qa3 exf5 33. Qxa6 Qd7 34. Rd1 d4 35. Qd6 Qe6 36. Rxd4 Qxb3 37. Kh2 Qe6 38. Rd5 Qe8 39. Qb4 Rb8 40. Kh1 Qc6 41. Rd4 Qc1+ 42. Kh2 Qe3 43. Qd6 Re8 44. Rd5 Qf4+ 45. Kh1 b4 46. Qb6 Rc8 47. Rd8+ Rxd8 48. Qxd8+ Kh7 49. Qd5 Qc1+ 50. Kh2 Qf4+ 51. Kh1 Qe4 52. Qxf7 Qxe5 53. Kg1 Qe3+ 54. Kh2 Qd3 55. g4 fxg4 56. hxg4 b3 57. g5 b2 0-1

[Event "SVK-chT1W 1112"]
[Site "Slovakia"]
[Date "2011.11.13"]
[Round "4.2"]
[White "Hartl, Jan"]
[Black "Maros, Milan"]
[Result "1/2-1/2"]
[WhiteElo "2189"]
[BlackElo "2336"]
[PlyCount "48"]
[EventDate "2011.10.15"]
[EventType "team-tourn"]
[EventRounds "11"]
[EventCountry "SVK"]
[SourceTitle "EXT 2013"]
[Source "ChessBase"]
[SourceDate "2012.11.22"]
[SourceVersion "1"]
[SourceVersionDate "2012.11.22"]
[SourceQuality "1"]
[WhiteTeam "Pezinok"]
[BlackTeam "Nitra"]
[WhiteTeamCountry "SVK"]
[BlackTeamCountry "SVK"]

1. e4 e5 2. Nf3 Nc6 3. Bc4 Bc5 4. 0-0 Nf6 5. d3 d6 6. h3 a6 7. c3 0-0 8. d4 Ba7 9. Re1 Nxe4 10. Bd5 Nf6 11. Bxc6 bxc6 12. dxe5 Nd5 13. c4 Ne7 14. Nc3 Be6 15. b3 d5 16. Ba3 Re8 17. Qe2 Ng6 18. Rad1 f6 19. c5 Bd7 20. e6 Bxe6 21. Qd2 Qd7 22. Nd4 Nf8 23. Re3 Bf7 24. Rde1 Ne6 1/2-1/2

[Event "SVK-chT1W 1011"]
[Site "Slovakia"]
[Date "2011.03.19"]
[Round "8"]
[White "Pacher, Milan"]
[Black "Maros, Milan"]
[Result "1-0"]
[WhiteElo "2399"]
[BlackElo "2329"]
[PlyCount "39"]
[EventDate "2010.11.06"]
[EventType "team-tourn"]
[EventRounds "11"]
[EventCountry "SVK"]
[SourceTitle "EXT 2012"]
[Source "ChessBase"]
[SourceDate "2011.11.24"]
[SourceVersion "1"]
[SourceVersionDate "2011.11.24"]
[SourceQuality "1"]
[WhiteTeam "Bratislava Doprastav"]
[BlackTeam "Nitra"]
[WhiteTeamCountry "SVK"]
[BlackTeamCountry "SVK"]

1. d4 d5 2. c4 dxc4 3. Nf3 c5 4. e3 cxd4 5. Bxc4 Qc7 6. Bb3 e6 7. 0-0 Nf6 8. exd4 Be7 9. Nc3 0-0 10. Bg5 Rd8 11. Qe2 Nc6 12. Rfe1 Kf8 13. Rac1 Bd7 14. d5 exd5 15. Nb5 Qa5 16. Rxc6 Bb4 17. Rxf6 gxf6 18. Bxf6 Re8 19. Ne5 Rxe5 20. Qxe5 1-0

[Event "AUT-chT2O 1011"]
[Site "Austria"]
[Date "2011.03.12"]
[Round "10.4"]
[White "Maros, Milan"]
[Black "Wiedner, Robert"]
[Result "1-0"]
[WhiteElo "2329"]
[BlackElo "2189"]
[PlyCount "59"]
[EventDate "2010.10.02"]
[EventType "team-tourn"]
[EventRounds "11"]
[EventCountry "AUT"]
[SourceTitle "EXT 2012"]
[Source "ChessBase"]
[SourceDate "2011.11.24"]
[SourceVersion "1"]
[SourceVersionDate "2011.11.24"]
[SourceQuality "1"]
[WhiteTeam "Wien Husek"]
[BlackTeam "Wiener Neustadt"]
[WhiteTeamCountry "AUT"]
[BlackTeamCountry "AUT"]

1. d4 Nf6 2. Nf3 b6 3. g3 Bb7 4. Bg2 e6 5. 0-0 Be7 6. b3 0-0 7. Bb2 d6 8. c4 Nbd7 9. Nc3 Ne4 10. Qc2 Nxc3 11. Bxc3 f5 12. Ng5 Bxg2 13. Nxe6 Be4 14. Qd2 Qe8 15. d5 f4 16. f3 Bf5 17. Nxf8 Bxf8 18. Qxf4 Bg6 19. e4 Ne5 20. Qd2 Qd7 21. Rae1 Be7 22. Kg2 Rf8 23. h3 h5 24. f4 Nf7 25. Qb2 h4 26. Bxg7 Re8 27. g4 Bg5 28. fxg5 Nxg5 29. Bh6 Bxe4+ 30. Kh2 1-0

[Event "AUT-chT2O 1011"]
[Site "Austria"]
[Date "2011.01.30"]
[Round "9.1"]
[White "Maros, Milan"]
[Black "Cvek, Robert"]
[Result "1/2-1/2"]
[WhiteElo "2329"]
[BlackElo "2494"]
[PlyCount "52"]
[EventDate "2010.10.02"]
[EventType "team-tourn"]
[EventRounds "11"]
[EventCountry "AUT"]
[SourceTitle "EXT 2012"]
[Source "ChessBase"]
[SourceDate "2011.11.24"]
[SourceVersion "1"]
[SourceVersionDate "2011.11.24"]
[SourceQuality "1"]
[WhiteTeam "Wien Husek"]
[BlackTeam "Pamhagen"]
[WhiteTeamCountry "AUT"]
[BlackTeamCountry "AUT"]

1. d4 Nf6 2. Nf3 e6 3. g3 b5 4. Bg2 Bb7 5. 0-0 d5 6. b3 Nbd7 7. c4 dxc4 8. bxc4 bxc4 9. Na3 Be7 10. Nxc4 0-0 11. Bd2 Bd5 12. Ne3 Be4 13. Ba5 Rc8 14. Nc4 Nb6 15. Nce5 c5 16. Rc1 Qd5 17. dxc5 Bxc5 18. Qxd5 Bxd5 19. Nd3 Ba3 20. Rxc8 Rxc8 21. Nd4 Nc4 22. Bb4 Bxg2 23. Kxg2 Bxb4 24. Nxb4 Kf8 25. Nb3 Nb6 26. Rc1 Rxc1 1/2-1/2

[Event "AUT-chT2O 1011"]
[Site "Austria"]
[Date "2010.11.27"]
[Round "6"]
[White "Schreiner, Peter"]
[Black "Maros, Milan"]
[Result "1/2-1/2"]
[WhiteElo "2257"]
[BlackElo "2329"]
[PlyCount "68"]
[EventDate "2010.10.02"]
[EventType "team-tourn"]
[EventRounds "11"]
[EventCountry "AUT"]
[SourceTitle "EXT 2012"]
[Source "ChessBase"]
[SourceDate "2011.11.24"]
[SourceVersion "1"]
[SourceVersionDate "2011.11.24"]
[SourceQuality "1"]
[WhiteTeam "Niederabsdorf"]
[BlackTeam "Wien Husek"]
[WhiteTeamCountry "AUT"]
[BlackTeamCountry "AUT"]

1. d4 d5 2. c4 c6 3. Nf3 Nf6 4. Nc3 a6 5. e3 b5 6. cxd5 cxd5 7. Ne5 e6 8. Bd3 Bb7 9. 0-0 Be7 10. a4 b4 11. Nb1 0-0 12. Nd2 Nbd7 13. Nxd7 Qxd7 14. Nf3 Bd6 15. Ne5 Qe7 16. Bd2 Rfc8 17. Qe2 Ne4 18. Rfc1 f6 19. Nf3 a5 20. Be1 Rc7 21. Nd2 Rac8 22. Qd1 Rxc1 23. Rxc1 Rxc1 24. Qxc1 Nxd2 25. Bxd2 Qc7 26. Qxc7 Bxc7 27. Bb5 e5 28. f3 Kf7 29. Be1 Ke6 30. g3 Kd6 31. Kf1 Bb6 32. Bf2 Bc8 33. Ke2 g6 34. g4 Ke6 1/2-1/2

[Event "AUT-chT2O 1011"]
[Site "Austria"]
[Date "2010.10.31"]
[Round "4.4"]
[White "Maros, Milan"]
[Black "Bachofner, Andreas"]
[Result "1/2-1/2"]
[WhiteElo "2329"]
[BlackElo "2243"]
[PlyCount "89"]
[EventDate "2010.10.02"]
[EventType "team-tourn"]
[EventRounds "11"]
[EventCountry "AUT"]
[SourceTitle "EXT 2011"]
[Source "ChessBase"]
[SourceDate "2010.11.26"]
[SourceVersion "1"]
[SourceVersionDate "2010.11.26"]
[SourceQuality "1"]
[WhiteTeam "Wien Husek"]
[BlackTeam "Nickelsdorf"]
[WhiteTeamCountry "AUT"]
[BlackTeamCountry "AUT"]

1. e4 e6 2. d4 d5 3. Nc3 Bb4 4. e5 b6 5. Qg4 Bf8 6. h4 Qd7 7. h5 Ba6 8. Nge2 c5 9. h6 g6 10. Bf4 Nc6 11. 0-0-0 cxd4 12. Nxd4 Bxf1 13. Rhxf1 Nxh6 14. Qh3 Nxd4 15. Rxd4 Nf5 16. Rd2 0-0-0 17. g4 Ng7 18. Bg5 Be7 19. Bh6 Ne8 20. f4 Kb8 21. a3 Rc8 22. f5 Qc6 23. Ne2 Qa4 24. Kb1 Nc7 25. Nd4 Nb5 26. Nxb5 Qxb5 27. fxe6 Bxa3 28. c4 Qxc4 29. bxa3 fxe6 30. Bg7 Rhg8 31. Bf6 Rc5 32. Be7 Rb5+ 33. Ka1 Rb3 34. Qg2 Rc8 35. Bd6+ Ka8 36. Rb2 Rxb2 37. Kxb2 Qd4+ 38. Ka2 Rc3 39. Rf8+ Kb7 40. Rf7+ Ka6 41. Qe2+ Rd3 42. Rc7 b5 43. Rc6+ Kb7 44. Rc7+ Ka6 45. Rc6+ 1/2-1/2

[Event "SVK-chT 0910"]
[Site "Slovakia"]
[Date "2010.01.24"]
[Round "6"]
[White "Maros, Milan"]
[Black "Lipka, Juraj"]
[Result "1/2-1/2"]
[WhiteElo "2330"]
[BlackElo "2418"]
[PlyCount "81"]
[EventDate "2009.10.24"]
[EventType "team-tourn"]
[EventRounds "11"]
[EventCountry "SVK"]
[SourceTitle "EXT 2019"]
[Source "ChessBase"]
[SourceDate "2018.10.10"]
[SourceVersion "1"]
[SourceVersionDate "2018.10.10"]
[SourceQuality "1"]
[WhiteTeam "Nitra"]
[BlackTeam "Trencin"]
[WhiteTeamCountry "SVK"]
[BlackTeamCountry "SVK"]

1. d4 d5 2. c4 c6 3. Nf3 Nf6 4. e3 Bg4 5. h3 Bh5 6. cxd5 Bxf3 7. Qxf3 cxd5 8. Nc3 Nc6 9. Bd3 e6 10. 0-0 Be7 11. Bd2 0-0 12. Qe2 Rc8 13. f4 Ne8 14. f5 e5 15. dxe5 Nxe5 16. Rad1 Nf6 17. Be1 Qb6 18. Bf2 Qb4 19. Bb1 Rfd8 20. Rd4 Nc4 21. e4 Qxb2 22. Qxb2 Nxb2 23. Nxd5 Nxd5 24. Rxd5 Rxd5 25. exd5 Nc4 26. Rc1 Nb6 27. Rxc8+ Nxc8 28. Kf1 Kf8 29. Ke2 Bf6 30. Bc2 Be5 31. Bc5+ Bd6 32. Bd4 f6 33. g4 h6 34. Be3 Ke7 35. Kd3 Nb6 36. Bb3 Ba3 37. Bxb6 axb6 38. Ke4 Bc5 39. h4 Bf2 40. h5 Bc5 41. Ba4 1/2-1/2